Toronto Immigrants - Statistics

General Stats
  • This quiz has been taken 70 times
  • The average score is 11 of 14
Answer Stats
Population Country % Correct
307,275 India
100%
266,840 China
94%
100,060 Hong Kong
94%
119,085 Pakistan
92%
99,165 United Kingdom
90%
103,620 Italy
88%
74,530 Iran
83%
192,265 Philippines
81%
59,365 Vietnam
81%
57,450 Poland
67%
99,660 Jamaica
60%
71,045 Portugal
56%
101,550 Sri Lanka
56%
69,025 Guyana
31%
No matching quizzes found
Score Distribution
Percent of People with Each Score
Percentile by Number Answered
Your Score History
You have not taken this quiz